| 000 | 00776nac a22003130a 4500 | ||
|---|---|---|---|
| 001 | PT35068 | ||
| 003 | AR-LpoUNG | ||
| 005 | 20210201005337.0 | ||
| 008 | 201001s1996||||xxk|||||||||||||||||eng d | ||
| 020 |
_a0582012880 _c$91 |
||
| 040 |
_aAR-LpoUNG _bspa _eaacr |
||
| 041 | _aeng | ||
| 044 | _axxk | ||
| 082 | 0 | _a428 297v1 | |
| 100 | 1 | _aMaple, Robert | |
| 245 | 1 | 0 | _aNew wave |
| 250 | _a1§ edición, 33§ reimpresión | ||
| 260 |
_aEssex : _bLongman, _c1996. |
||
| 300 |
_a67 p. : _bil., tbls. _3Impreso |
||
| 490 | 0 | _aNew wave | |
| 650 | 4 | _aAPRENDIZAJE | |
| 650 | 4 | _aCOMUNICACION | |
| 650 | 4 | _aENSEÑANZA DE IDIOMAS | |
| 650 | 4 | _aGRAMATICA | |
| 650 | 4 | _aLENGUA INGLESA | |
| 651 | 4 | _aDOCUMENTOS TEORICOS O METODOLOGICOS | |
| 905 | _a35068 | ||
| 942 | _cLIB | ||
| 999 |
_c49212 _d49212 |
||